Enfin l'épuration attendue (notice n° 2065417)
[ vue normale ]
| 000 -LEADER | |
|---|---|
| fixed length control field | 01177cam a2200157 4500500 |
| 005 - DATE AND TIME OF LATEST TRANSACTION | |
| control field | 20260405003218.0 |
| 041 ## - LANGUAGE CODE | |
| Language code of text/sound track or separate title | fre |
| 042 ## - AUTHENTICATION CODE | |
| Authentication code | dc |
| 100 10 - MAIN ENTRY--PERSONAL NAME | |
| Personal name | Alante-Lima, Willy |
| Relator term | author |
| 245 00 - TITLE STATEMENT | |
| Title | Enfin l'épuration attendue |
| 260 ## - PUBLICATION, DISTRIBUTION, ETC. | |
| Date of publication, distribution, etc. | 1997.<br/> |
| 500 ## - GENERAL NOTE | |
| General note | 50 |
| 520 ## - SUMMARY, ETC. | |
| Summary, etc. | Le livre de Mary Lefkcowitz, Not Out of Africa, a récemment attiré l’attention du public américain et international sur le débat de l’afrocentrisme. Bien que la position de Lefkcowitz se démarque nettement de celle de Cheikh Anta Diop qui posait comme hypothèse que toutes les cultures présentent une continuité que l’on peut faire remonter à leur origine africaine, une lecture attentive de Not Out of Africa montre clairement que son auteur admet, en dépit de sa critique de l’afrocentrisme, certaines de ses thèses.Après avoir défini l’afrocentrisme, l’article examine les différences d’approche de Diop et de Lefkcowitz et met en lumière des divergences méthodologiques. |
| 786 0# - DATA SOURCE ENTRY | |
| Note | Présence Africaine | 156 | 2 | 1997-06-01 | p. 221-225 | 0032-7638 |
| 856 41 - ELECTRONIC LOCATION AND ACCESS | |
| Uniform Resource Identifier | <a href="https://shs.cairn.info/revue-presence-africaine-1997-2-page-221?lang=fr&redirect-ssocas=7080">https://shs.cairn.info/revue-presence-africaine-1997-2-page-221?lang=fr&redirect-ssocas=7080</a> |
Pas d'exemplaire disponible.




Réseaux sociaux